All Virovitica-Podravina County settlements - Statistics

General Stats
  • This quiz has been taken 9 times
  • The average score is 20 of 188
Answers on the Map
Answers color-coded by a green-red scale on the quiz's map according to % correct below.
 
Answer Stats
Answer % Correct
Slatina
83%
Virovitica
83%
Čačinci
67%
Čađavica
50%
Crnac
50%
Orahovica
50%
Pitomača
50%
Sopje
50%
Suhopolje
50%
Vaška
50%
Voćin
50%
Cabuna
33%
Četekovac
33%
Duzluk
33%
Gradina
33%
Kapinci
33%
Kutovi
33%
Lukač
33%
Mikleuš
33%
Nova Bukovica
33%
Pčelić
33%
Sopjanska Greda
33%
Špišić Bukovica
33%
Terezino Polje
33%
Veliki Rastovac
33%
Zdenci
33%
Zokov Gaj
33%
Balinci
17%
Bankovci
17%
Bijeljevina Orahovička
17%
Bukovački Antunovac
17%
Bukvik
17%
Čađavički Lug
17%
Ćeralije
17%
Čojlug
17%
Crkvari
17%
Dolci
17%
Donja Pištana
17%
Donje Bazije
17%
Donji Meljani
17%
Duga Međa
17%
Dugo Selo Lukačko
17%
Gornja Pištana
17%
Gornje Bazje
17%
Gornje Predrijevo
17%
Gornji Meljani
17%
Grudnjak
17%
Ilmin Dvor
17%
Josipovo
17%
Jugovo Polje
17%
Kapela Dvor
17%
Karlovac Feričanački
17%
Kladare
17%
Kokočak
17%
Krajna
17%
Krasković
17%
Krivaja Pustara
17%
Križnica
17%
Lozan
17%
Mali Rastovac
17%
Milanovac
17%
Noskovačka Dubrava
17%
Noskovci
17%
Nova Jošava
17%
Novaki
17%
Novo Petrovo Polje
17%
Obradovci
17%
Paušinci
17%
Sladojevci
17%
Slatinski Drenovac
17%
Slavonske Bare
17%
Stara Jošava
17%
Staro Petrovo Polje
17%
Šumeđe
17%
Vojlovica
17%
Zrinj Lukački
17%
Žubrica
17%
Bačevac
0%
Bakić
0%
Bistrica
0%
Bjelkovac
0%
Bokane
0%
Borik
0%
Borova
0%
Breštanovci
0%
Brezik
0%
Brezovica
0%
Brezovljani Vojlovički
0%
Budakovac
0%
Budanica
0%
Budrovac Lukački
0%
Bušetina
0%
Čemernica
0%
Detkovac
0%
Dinjevac
0%
Dobrić
0%
Dobrović
0%
Donja Bukovica
0%
Donje Kusonje
0%
Donje Predrijevo
0%
Đuričić
0%
Dvorska
0%
Gaćište
0%
Golenić
0%
Golo Brdo
0%
Gornje Kusonje
0%
Gornje Viljevo
0%
Gornji Miholjac
0%
Grabić
0%
Grabrovnica
0%
Gvozdanska
0%
Hum
0%
Humljani
0%
Hum Varoš
0%
Ivanbrijeg
0%
Jasenaš
0%
Katinka
0%
Kometnik-Jorgići
0%
Kometnik-Zubići
0%
Korija
0%
Kozice
0%
Kuzma
0%
Levinovac
0%
Lipovac
0%
Lisičine
0%
Lug Gradinski
0%
Lukavac
0%
Mačkovac
0%
Macute
0%
Magadinovac
0%
Mala Črešnjevica
0%
Mala Trapinska
0%
Markovo
0%
Medinci
0%
Miljevci
0%
Naudovac
0%
Nova Šarovka
0%
Novi Antunovac
0%
Novi Gradac
0%
Novi Senkovac
0%
Novo Kusonje
0%
Okrugljača
0%
Orešac
0%
Otrovanec
0%
Pepelana
0%
Pivnica Slavonska
0%
Podgorje
0%
Popovac
0%
Prekoračani
0%
Pušina
0%
Radosavci
0%
Rajino Polje
0%
Rezovac
0%
Rezovačke Krčevine
0%
Rijenci
0%
Rit
0%
Rodin Potok
0%
Rogovac
0%
Rušani
0%
Šaševo
0%
Sedlarica
0%
Sekulinci
0%
Sladojevački Lug
0%
Smude
0%
Sovjak
0%
Španat
0%
Stari Gradac
0%
Starin
0%
Starogradački Marof
0%
Suha Mlaka
0%
Sveti Đurađ
0%
Trnava Cabunska
0%
Turanovac
0%
Turnašica
0%
Velika Črešnjevica
0%
Velika Trapinska
0%
Veliko Polje
0%
Višnjica
0%
Vladimirovac
0%
Vraneševci
0%
Vukosavljevica
0%
Žabnjača
0%
Žiroslavlje
0%
Žlebina
0%
Zvonimirovac
0%
Zvonimirovo
0%
No matching quizzes found
Score Distribution
Percent of People with Each Score
Percentile by Number Answered
Your Score History
You have not taken this quiz